Konsep wira dalam sastera melayu

Bibliographic Details
Other Authors: Siti Aisah Murad , 1957-
Format: Book
Published: Kuala Lumpur : DBP , 1993
Subjects:

MARC

LEADER 00000cam a2200000 7i4500
001 0000003281
002 000003540
005 20000330.0
020 |a 9836238166 
090 0 0 |a 899.2309   |b KON 
245 0 0 |a Konsep wira dalam sastera melayu   |c diselenggarakan oleh Siti Aisah Murad 
260 |a Kuala Lumpur :   |b DBP ,   |c 1993 
300 |a 235p. ;   |c 21cm. 
650 0 0 |a Malay literature   |x History and criticism 
700 0 |a Siti Aisah Murad ,   |c 1957- 
999 |a 036848   |b BUKU   |c PINJAMAN   |e PERPUSTAKAAN KOMUNITI PETALING JAYA